[Event "NED-ch U16"]
[Site "Almelo"]
[Date "2021.08.02"]
[Round "2"]
[White "Shadrin, Mitia"]
[Black "Boghossian, Wahe"]
[Result "0-1"]
[WhiteElo "1698"]
[BlackElo "1915"]
[PlyCount "60"]
[EventDate "2021.08.01"]
[EventType "swiss"]
[EventRounds "7"]
[EventCountry "NED"]
[SourceTitle "EXT 2022"]
[Source "ChessBase"]
[SourceDate "2021.10.06"]
[SourceVersion "1"]
[SourceVersionDate "2021.10.06"]
[SourceQuality "1"]

1. e4 c5 2. Nf3 d6 3. d4 cxd4 4. Qxd4 Bd7 5. Be3 Nc6 6. Qd2 Nf6 7. Nc3 Ng4 8. Bf4 g6 9. h3 Nf6 10. Bh6 Bxh6 11. Qxh6 Qb6 12. 0-0-0 Rc8 13. a3 Qxf2 14. Bb5 Qc5 15. Bxc6 Bxc6 16. Rhe1 Qh5 17. Qf4 0-0 18. e5 Bxf3 19. gxf3 dxe5 20. Rxe5 Qxh3 21. Rxe7 Rc6 22. Rxb7 a6 23. Kb1 Qc8 24. Re7 Rb6 25. Nd5 Nxd5 26. Rxd5 Qc3 27. Qc1 Rfb8 28. Ka1 Rxb2 29. Rd3 Rb1+ 30. Ka2 Qa1# 0-1